Supply chain management : (Record no. 17041)

MARC details
000 -LEADER
fixed length control field 00998pam a2200289 a 4500
001 - CONTROL NUMBER
control field 016014789
003 - CONTROL NUMBER IDENTIFIER
control field Uk
005 - DATE AND TIME OF LATEST TRANSACTION
control field 20161208104150.0
008 - FIXED-LENGTH DATA ELEMENTS--GENERAL INFORMATION
fixed length control field 110928s2013 maua b 001 0 eng
020 ## - INTERNATIONAL STANDARD BOOK NUMBER
International Standard Book Number 9780273765226 (alk. paper)
082 00 - DEWEY DECIMAL CLASSIFICATION NUMBER
Classification number 658.7
Edition number 23
Item number CHO
100 1# - MAIN ENTRY--PERSONAL NAME
9 (RLIN) 31010
Personal name Chopra, Sunil,
Dates associated with a name 1960-
245 10 - TITLE STATEMENT
Title Supply Chain Management :
Remainder of title Strategy, Planning, and Operation /
Statement of responsibility, etc Sunil Chopra, Peter Meindl.
250 ## - EDITION STATEMENT
Edition statement 5th ed.
260 ## - PUBLICATION, DISTRIBUTION, ETC. (IMPRINT)
Place of publication, distribution, etc Boston :
Name of publisher, distributor, etc Pearson,
Date of publication, distribution, etc c2013.
300 ## - PHYSICAL DESCRIPTION
Extent 528 p. :
Other physical details ill. ;
Dimensions 27 cm.
504 ## - BIBLIOGRAPHY, ETC. NOTE
Bibliography, etc Includes bibliographical references and index.
650 #0 - SUBJECT ADDED ENTRY--TOPICAL TERM
Topical term or geographic name as entry element Marketing channels
General subdivision Management.
9 (RLIN) 31011
650 #0 - SUBJECT ADDED ENTRY--TOPICAL TERM
Topical term or geographic name as entry element Delivery of goods
General subdivision Management.
9 (RLIN) 31012
650 #0 - SUBJECT ADDED ENTRY--TOPICAL TERM
Topical term or geographic name as entry element Physical distribution of goods
General subdivision Management.
9 (RLIN) 31013
650 #0 - SUBJECT ADDED ENTRY--TOPICAL TERM
Topical term or geographic name as entry element Customer services
General subdivision Management.
9 (RLIN) 31014
650 #0 - SUBJECT ADDED ENTRY--TOPICAL TERM
Topical term or geographic name as entry element Industrial procurement.
9 (RLIN) 31015
650 #0 - SUBJECT ADDED ENTRY--TOPICAL TERM
Topical term or geographic name as entry element Materials management.
9 (RLIN) 31016
653 ## - INDEX TERM--UNCONTROLLED
Resource For college
Arrived date list September2012
700 1# - ADDED ENTRY--PERSONAL NAME
Personal name Meindl, Peter,
Dates associated with a name 1970-
9 (RLIN) 31017
942 ## - ADDED ENTRY ELEMENTS (KOHA)
Source of classification or shelving scheme Dewey Decimal Classification
Item type Book - Borrowing
Holdings
Withdrawn status Item status Source of classification or shelving scheme Damaged status Not for loan Vendor Home library Current library Shelving location Date acquired Source of acquisition Cost, normal purchase price Serial Enumeration / chronology Total Checkouts Full call number Barcode Date last seen Date last borrowed Koha item type Materials specified (bound volume or other part) Total Renewals Checked out Cost, replacement price
    Dewey Decimal Classification     Baccah Central Library Central Library First floor 27/09/2012   190.00 3 4 658.7 CHO 000027483 15/07/2025 11/03/2014 NB - Book (Non borrowing)        
  Lost Dewey Decimal Classification     Baccah Central Library Central Library First floor 27/09/2012   190.00 3 1 658.7 CHO 000027484 08/10/2012 01/10/2012 Book - Borrowing Lost In Inventory_2005-2015/8/22      
    Dewey Decimal Classification     Baccah Central Library Central Library First floor 27/09/2012   190.00 3 10 658.7 CHO 000027485 15/07/2025 09/02/2020 Book - Borrowing   103    
    Dewey Decimal Classification     Baccah Central Library Central Library First floor 27/09/2012   190.00 3 17 658.7 CHO 000027486 15/07/2025 27/03/2023 Book - Borrowing   72    
    Dewey Decimal Classification     Baccah Central Library Central Library First floor 27/09/2012   190.00 3 10 658.7 CHO 000027487 15/07/2025 06/02/2018 Book - Borrowing   48    
    Dewey Decimal Classification     Baccah Central Library Central Library First floor 27/09/2012   190.00 3 12 658.7 CHO 000027488 04/02/2018 04/02/2018 Book - Borrowing   40 23/12/2023  
    Dewey Decimal Classification     Baccah Central Library Central Library First floor 27/09/2012   190.00 3 15 658.7 CHO 000027489 15/07/2025 05/05/2019 Book - Borrowing   57    
    Dewey Decimal Classification     Baccah Central Library Central Library First floor 27/09/2012 Purchase 280.00 3 16 658.7 CHO 000027490 15/07/2025 22/02/2020 Book - Borrowing   71   350.00
    Dewey Decimal Classification       Central Library Central Library First floor 13/03/2018       4 658.7 CHO 000047376 15/07/2025 27/11/2019 Book - Borrowing   3